000 00597nam a2200241Ia 4500
003 OSt
005 20220924133521.0
006 a|||||r|||| 00| 0
007 ta
008 220923b |||||||| |||| 00| 0 guj d
024 _a266443
037 _cTextual
040 _aARTS
_cARTS
_bguj
041 _2guj
_aguj
082 _aO156,3NCH,AR, L6
100 _aRao Chrankant
_9206692
245 0 _aAradhna
260 _c1976
300 _a248p.
_ccm.
650 _aGUJRATI LITERATURE
942 _hO156,3NCH,AR, L6
_cTEXL
_2CC
999 _c434137
_d434137